ARRUPE JESUIT UNIVERSITY

CORONAVIRUS -STOP THE SPREAD - CLEAN,DISINFECT,COVER

Pontius Pilate / (Record no. 130735)

MARC details
000 -LEADER
fixed length control field 01353cam a2200349 a 4500
001 - CONTROL NUMBER
control field 11769138
003 - CONTROL NUMBER IDENTIFIER
control field ARRUPE
005 - DATE AND TIME OF LATEST TRANSACTION
control field 20211008103902.0
008 - FIXED-LENGTH DATA ELEMENTS--GENERAL INFORMATION
fixed length control field 990812s2000 nyu b 001 0beng
010 ## - LIBRARY OF CONGRESS CONTROL NUMBER
LC control number 99043000
020 ## - INTERNATIONAL STANDARD BOOK NUMBER
International Standard Book Number 0375753974
040 ## - CATALOGING SOURCE
Original cataloging agency DLC
Transcribing agency DLC
Modifying agency DLC
042 ## - AUTHENTICATION CODE
Authentication code pcc
050 00 - LIBRARY OF CONGRESS CALL NUMBER
Classification number BS2520.P55
Item number W76 2001
082 00 - DEWEY DECIMAL CLASSIFICATION NUMBER
Classification number 226/.092
Edition number 21
300 ## - PHYSICAL DESCRIPTION
Dimensions 21 cm.
100 1# - MAIN ENTRY--PERSONAL NAME
Personal name Wroe, Ann.
9 (RLIN) 50375
245 10 - TITLE STATEMENT
Title Pontius Pilate /
Statement of responsibility, etc Ann Wroe.
260 ## - PUBLICATION, DISTRIBUTION, ETC. (IMPRINT)
Place of publication, distribution, etc New York :
Name of publisher, distributor, etc Modern Library,
Date of publication, distribution, etc 2000.
300 ## - PHYSICAL DESCRIPTION
Extent xv, 412 p. ;
500 ## - GENERAL NOTE
General note Rev. ed. of: Pilate. 1999.
500 ## - GENERAL NOTE
General note "A New York times notable book"--P. [4] of cover.
504 ## - BIBLIOGRAPHY, ETC. NOTE
Bibliography, etc Includes bibliographical references (p. [389]-398) and index.
600 10 - SUBJECT ADDED ENTRY--PERSONAL NAME
Personal name Pilate, Pontius,
Dates associated with a name active 1st century.
9 (RLIN) 50376
630 00 - SUBJECT ADDED ENTRY--UNIFORM TITLE
Uniform title Bible.
Name of part/section of a work Gospels
Form subdivision Biography.
9 (RLIN) 44872
700 1# - ADDED ENTRY--PERSONAL NAME
Personal name Wroe, Ann.
Title of a work Pilate.
9 (RLIN) 50377
856 42 - ELECTRONIC LOCATION AND ACCESS
Materials specified Contributor biographical information
Uniform Resource Identifier <a href="http://www.loc.gov/catdir/bios/random059/99043000.html">http://www.loc.gov/catdir/bios/random059/99043000.html</a>
856 41 - ELECTRONIC LOCATION AND ACCESS
Materials specified Sample text
Uniform Resource Identifier <a href="http://www.loc.gov/catdir/samples/random043/99043000.html">http://www.loc.gov/catdir/samples/random043/99043000.html</a>
856 42 - ELECTRONIC LOCATION AND ACCESS
Materials specified Publisher description
Uniform Resource Identifier <a href="http://www.loc.gov/catdir/description/random048/99043000.html">http://www.loc.gov/catdir/description/random048/99043000.html</a>
906 ## - LOCAL DATA ELEMENT F, LDF (RLIN)
a 7
b cbc
c orignew
d 1
e ocip
f 19
g y-gencatlg
942 ## - ADDED ENTRY ELEMENTS (KOHA)
Source of classification or shelving scheme Library of Congress Classification
Koha item type Monograph ( Printed materials)
Holdings
Withdrawn status Lost status Source of classification or shelving scheme Damaged status Not for loan Collection code Home library Current library Shelving location Date acquired Total Checkouts Full call number Barcode Date last seen Price effective from Koha item type
    Library of Congress Classification     Main Collection ARRUPE LIBRARY ARRUPE LIBRARY Main Collection 08/10/2021   BS2520.P55 W76 2001 46600007675 08/10/2021 08/10/2021 Monograph ( Printed materials)

 

Arrupe Library. PO Box MP320 Mt Pleasant, Harare, Zimbabwe
263 242 745411|librarian@aju.ac.zw